Features of Metal Hydrogenation during Electron Irradiation; Condensed Matter; Vol. 3, iss. 2

Dades bibliogràfiques
Parent link:Condensed Matter
Vol. 3, iss. 2.— 2018.— [17, 7 p.]
Autor corporatiu: Национальный исследовательский Томский политехнический университет Инженерная школа ядерных технологий Отделение экспериментальной физики
Altres autors: Larionov V. V. Vitaliy Vasilyevich, Tyurin Yu. I. Yuri Ivanovich, Murashkina T. L. Tatiana Leonidovna, Sigfusson T. I. Torsteinn Ingi
Sumari:Title screen
This paper considers metal hydrogenation and hydrogen release from metals under electron irradiation. The study shows that there are two processes during irradiation: the increase in the hydrogen yield from metal and the increase in the ability of hydrogenated metal to accumulate the energy of a beam of accelerated electrons. The energy introduced into hydrogenated metal is preserved for a longer period when compared to pure metal in time scales of electronic relaxation. Electron irradiation accelerates the saturation of metals with hydrogen and deuterium. Deuterium and hydrogen participate in the collective excitation of the internal hydrogen atmosphere of metals. This effect is explained by the nonequilibrium migration and release of hydrogen from metals. The migration of hydrogen isotopes during irradiation can be used to enhance the light isotope separation.
Idioma:anglès
Publicat: 2018
Matèries:
Accés en línia:https://doi.org/10.3390/condmat3020017
Format: MixedMaterials Electrònic Capítol de llibre
KOHA link:https://koha.lib.tpu.ru/cgi-bin/koha/opac-detail.pl?biblionumber=665941

MARC

LEADER 00000naa0a2200000 4500
001 665941
005 20250211163310.0
035 |a (RuTPU)RU\TPU\network\37145 
035 |a RU\TPU\network\35730 
090 |a 665941 
100 |a 20211124d2018 k||y0rusy50 ba 
101 0 |a eng 
102 |a CH 
135 |a drcn ---uucaa 
181 0 |a i  
182 0 |a b 
200 1 |a Features of Metal Hydrogenation during Electron Irradiation  |f V. V. Larionov, Yu. I. Tyurin, T. L. Murashkina, T. I. Sigfusson 
203 |a Text  |c electronic 
300 |a Title screen 
320 |a [References: 17 tit.] 
330 |a This paper considers metal hydrogenation and hydrogen release from metals under electron irradiation. The study shows that there are two processes during irradiation: the increase in the hydrogen yield from metal and the increase in the ability of hydrogenated metal to accumulate the energy of a beam of accelerated electrons. The energy introduced into hydrogenated metal is preserved for a longer period when compared to pure metal in time scales of electronic relaxation. Electron irradiation accelerates the saturation of metals with hydrogen and deuterium. Deuterium and hydrogen participate in the collective excitation of the internal hydrogen atmosphere of metals. This effect is explained by the nonequilibrium migration and release of hydrogen from metals. The migration of hydrogen isotopes during irradiation can be used to enhance the light isotope separation. 
461 |t Condensed Matter 
463 |t Vol. 3, iss. 2  |v [17, 7 p.]  |d 2018 
610 1 |a электронный ресурс 
610 1 |a труды учёных ТПУ 
610 1 |a electron irradiation 
610 1 |a electron beam 
610 1 |a deuterium 
610 1 |a palladium 
610 1 |a titanium 
610 1 |a электронное обучение 
610 1 |a электронные лучи 
610 1 |a дейтерий 
610 1 |a палладий 
610 1 |a титан 
701 1 |a Larionov  |b V. V.  |c physicist  |c Professor of Tomsk Polytechnic University, Doctor of Pedagogical Sciences  |f 1945-  |g Vitaliy Vasilyevich  |3 (RuTPU)RU\TPU\pers\30307  |9 14653 
701 1 |a Tyurin  |b Yu. I.  |c physicist  |c Professor of Tomsk Polytechnic University, Doctor of physical and mathematical sciences (DSc).  |f 1950-  |g Yuri Ivanovich  |3 (RuTPU)RU\TPU\pers\29895  |9 14367 
701 1 |a Murashkina  |b T. L.  |c Physicist  |c Engineer of Tomsk Polytechnic University, Assistant  |f 1990-  |g Tatiana Leonidovna  |3 (RuTPU)RU\TPU\pers\39441  |9 20984 
701 1 |a Sigfusson  |b T. I.  |g Torsteinn Ingi 
712 0 2 |a Национальный исследовательский Томский политехнический университет  |b Инженерная школа ядерных технологий  |b Отделение экспериментальной физики  |3 (RuTPU)RU\TPU\col\23549 
801 2 |a RU  |b 63413507  |c 20211124  |g RCR 
856 4 |u https://doi.org/10.3390/condmat3020017 
942 |c CF